[Event "msr2018"]
[Site "?"]
[Date "2018.04.27"]
[Round "9.21"]
[White "Skreko, Igor"]
[Black "Bulej, Matej"]
[Result "1-0"]
[BlackElo "1231"]
[WhiteElo "1586"]
[LiveChessVersion "1.4.8"]

1. c4 {[%clk 1:30:56]} c6 {[%clk 1:30:26]} 2. d4 {[%clk 1:30:34]} d5
{[%clk 1:30:47]} 3. Nc3 {[%clk 1:30:53]} Bf5 {[%clk 1:30:50]} 4. e3
{[%clk 1:30:46]} Nf6 {[%clk 1:31:02]} 5. Bd3 {[%clk 1:29:58]} Bg6
{[%clk 1:31:16]} 6. Nf3 {[%clk 1:29:10]} e6 {[%clk 1:31:07]} 7. Qc2
{[%clk 1:28:17]} Nbd7 {[%clk 1:30:34]} 8. cxd5 {[%clk 1:27:37]} cxd5
{[%clk 1:30:31]} 9. O-O {[%clk 1:26:34]} Be7 {[%clk 1:30:47]} 10. Qe2
{[%clk 1:24:05]} O-O {[%clk 1:30:42]} 11. Bd2 {[%clk 1:21:09]} Nb6
{[%clk 1:26:42]} 12. Ne5 {[%clk 1:19:05]} Bxd3 {[%clk 1:25:38]} 13. Qxd3
{[%clk 1:18:52]} Nfd7 {[%clk 1:24:01]} 14. Rac1 {[%clk 1:15:28]} Nxe5
{[%clk 1:24:08]} 15. dxe5 {[%clk 1:15:50]} Nc4 {[%clk 1:24:15]} 16. Rc2
{[%clk 1:13:22]} Nxe5 {[%clk 1:23:41]} 17. Qe2 {[%clk 1:11:21]} Rc8
{[%clk 1:22:53]} 18. Rfc1 {[%clk 1:09:25]} a6 {[%clk 1:22:46]} 19. Nxd5
{[%clk 1:07:22]} Rxc2 {[%clk 1:21:13]} 20. Nxe7+ {[%clk 1:07:45]} Qxe7
{[%clk 1:21:26]} 21. Rxc2 {[%clk 1:08:03]} Nc6 {[%clk 1:20:39]} 22. Bc3
{[%clk 1:06:35]} Qg5 {[%clk 1:17:33]} 23. Rd2 {[%clk 1:04:42]} Rd8
{[%clk 1:16:48]} 24. Kf1 {[%clk 0:58:27]} Rxd2 {[%clk 1:15:29]} 25. Qxd2
{[%clk 0:57:50]} Qf5 {[%clk 1:12:23]} 26. Qd7 {[%clk 0:53:57]} Qb1+
{[%clk 1:08:50]} 27. Ke2 {[%clk 0:54:16]} Qc2+ {[%clk 1:08:54]} 28. Qd2
{[%clk 0:53:56]} Qxd2+ {[%clk 1:08:26]} 29. Kxd2 {[%clk 0:54:18]} g6
{[%clk 1:08:14]} 30. Kd3 {[%clk 0:54:23]} Kf8 {[%clk 1:08:02]} 31. Kc4
{[%clk 0:54:29]} Ke8 {[%clk 1:08:13]} 32. Kc5 {[%clk 0:53:46]} Kd7
{[%clk 1:08:33]} 33. Kb6 {[%clk 0:52:49]} Kc8 {[%clk 1:08:44]} 34. a3
{[%clk 0:44:24]} Ne7 {[%clk 1:08:39]} 35. e4 {[%clk 0:44:38]} Nc6
{[%clk 1:08:20]} 36. Bf6 {[%clk 0:44:46]} Nb8 {[%clk 1:08:02]} 37. Bd4
{[%clk 0:37:02]} Nc6 {[%clk 1:05:57]} 38. Bc3 {[%clk 0:35:26]} Nb8
{[%clk 1:04:55]} 39. Kc5 {[%clk 0:33:47]} Kd7 {[%clk 1:05:02]} 40. Bf6
{[%clk 0:32:27]} Nc6 {[%clk 1:04:52]} 41. b4 {[%clk 0:32:02]} Nb8
{[%clk 1:03:10]} 42. g4 {[%clk 0:23:46]} Nc6 {[%clk 1:02:32]} 43. h4
{[%clk 0:22:44]} Kc7 {[%clk 1:02:25]} 44. h5 {[%clk 0:20:40]} Kd7
{[%clk 0:53:16]} 45. f4 {[%clk 0:19:00]} Kc7 {[%clk 0:51:34]} 46. f5
{[%clk 0:14:39]} exf5 {[%clk 0:51:13]} 47. exf5 {[%clk 0:14:57]} gxf5
{[%clk 0:51:19]} 48. gxf5 {[%clk 0:15:20]} Kd7 {[%clk 0:49:36]} 49. Kd5
{[%clk 0:14:42]} Ne7+ {[%clk 0:48:53]} 50. Bxe7 {[%clk 0:12:53]} Kxe7
{[%clk 0:49:12]} 51. Ke5 {[%clk 0:12:00]} f6+ {[%clk 0:49:24]} 52. Kd5
{[%clk 0:12:24]} Kd7 {[%clk 0:49:41]} 53. h6 {[%clk 0:01:33]} b6 {[%clk 0:49:52]}
54. a4 {[%clk 0:01:25]} a5 {[%clk 0:48:57]} 55. b5 {[%clk 0:01:41]} 1-0

[Event "msr2018"]
[Site "?"]
[Date "2018.04.27"]
[Round "9.22"]
[White "Rakovsky, Jakub"]
[Black "Orgon, Patrik"]
[Result "0-1"]
[BlackElo "1402"]
[WhiteElo "1254"]
[LiveChessVersion "1.4.8"]

1. e4 {[%clk 1:30:58]} d5 {[%clk 1:30:51]} 2. exd5 {[%clk 1:31:08]} Qxd5
{[%clk 1:31:13]} 3. Nc3 {[%clk 1:30:49]} Qd6 {[%clk 1:31:36]} 4. d4
{[%clk 1:30:05]} Nf6 {[%clk 1:31:03]} 5. Bc4 {[%clk 1:29:37]} a6 {[%clk 1:31:10]}
6. Nf3 {[%clk 1:29:36]} Bf5 {[%clk 1:30:37]} 7. Be3 {[%clk 1:28:20]} Nc6
{[%clk 1:30:19]} 8. Qd2 {[%clk 1:27:39]} O-O-O {[%clk 1:28:49]} 9. a3
{[%clk 1:20:08]} e6 {[%clk 1:27:19]} 10. O-O-O {[%clk 1:17:48]} h6
{[%clk 1:24:37]} 11. Bf4 {[%clk 1:16:45]} Qd7 {[%clk 1:23:42]} 12. Ne5
{[%clk 1:15:37]} Nxe5 {[%clk 1:19:56]} 13. Bxe5 {[%clk 1:14:43]} Bd6
{[%clk 1:18:14]} 14. Qe2 {[%clk 1:13:11]} Qe7 {[%clk 1:15:07]} 15. f3
{[%clk 1:08:09]} Rd7 {[%clk 1:11:21]} 16. Bxa6 {[%clk 1:01:52]} bxa6
{[%clk 0:55:02]} 17. Qxa6+ {[%clk 1:02:01]} Kb8 {[%clk 0:55:26]} 18. Nb5
{[%clk 1:01:07]} c6 {[%clk 0:55:12]} 19. Qxc6 {[%clk 1:00:06]} Bxe5
{[%clk 0:41:49]} 20. dxe5 {[%clk 0:59:59]} Nd5 {[%clk 0:35:07]} 21. Nd4
{[%clk 0:50:38]} Qg5+ {[%clk 0:25:27]} 22. Kb1 {[%clk 0:50:34]} Rc7
{[%clk 0:21:26]} 23. Qb5+ {[%clk 0:50:11]} Kc8 {[%clk 0:20:48]} 24. Nc6
{[%clk 0:48:54]} Rb7 {[%clk 0:16:52]} 25. Qa5 {[%clk 0:47:28]} Bxc2+
{[%clk 0:16:22]} 26. Kxc2 {[%clk 0:46:59]} Ne3+ {[%clk 0:15:43]} 27. Kb1
{[%clk 0:47:18]} Nxd1 {[%clk 0:14:50]} 28. Rxd1 {[%clk 0:47:25]} Qf5+
{[%clk 0:12:06]} 29. Ka1 {[%clk 0:46:48]} Qg5 {[%clk 0:12:24]} 30. Qa8+
{[%clk 0:45:26]} Kc7 {[%clk 0:12:30]} 31. Qxh8 {[%clk 0:45:21]} Kxc6
{[%clk 0:12:07]} 32. Rd6+ {[%clk 0:44:43]} Kc7 {[%clk 0:11:56]} 33. Qh7
{[%clk 0:41:46]} Qxe5 {[%clk 0:11:43]} 34. Qd3 {[%clk 0:38:27]} Qxb2# 35. Qh7
Qe5+ 0-1

[Event "msr2018"]
[Site "?"]
[Date "2018.04.27"]
[Round "9.23"]
[White "Janik, Marek Tobias"]
[Black "Gal, Milan"]
[Result "1-0"]
[BlackElo "1454"]
[WhiteElo "1553"]
[LiveChessVersion "1.4.8"]

1. e4 {[%clk 1:30:56]} e5 {[%clk 1:30:51]} 2. Nf3 {[%clk 1:31:22]} Nc6
{[%clk 1:31:10]} 3. Bc4 {[%clk 1:31:38]} Bc5 {[%clk 1:31:22]} 4. c3
{[%clk 1:30:28]} Nf6 {[%clk 1:30:15]} 5. d3 {[%clk 1:28:15]} h6 {[%clk 1:29:01]}
6. O-O {[%clk 1:28:40]} d6 {[%clk 1:28:50]} 7. Nbd2 {[%clk 1:28:57]} O-O
{[%clk 1:28:33]} 8. a4 {[%clk 1:28:59]} a5 {[%clk 1:27:52]} 9. h3
{[%clk 1:29:14]} Kh8 {[%clk 1:26:23]} 10. Re1 {[%clk 1:28:39]} Nh7
{[%clk 1:23:37]} 11. Nf1 {[%clk 1:21:57]} f5 {[%clk 1:21:49]} 12. exf5
{[%clk 1:11:13]} Bxf5 {[%clk 1:19:02]} 13. Be3 {[%clk 1:02:38]} Bxe3
{[%clk 1:17:47]} 14. Nxe3 {[%clk 1:02:52]} Ng5 {[%clk 1:16:07]} 15. Nh4
{[%clk 0:54:26]} Nxh3+ {[%clk 1:13:25]} 16. gxh3 {[%clk 0:51:20]} Qxh4
{[%clk 1:13:06]} 17. Ng2 {[%clk 0:28:32]} Qxh3 {[%clk 1:12:16]} 18. Re3
{[%clk 0:25:36]} Qg4 {[%clk 1:10:22]} 19. Qd2 {[%clk 0:22:36]} Be6
{[%clk 1:06:48]} 20. Rg3 {[%clk 0:21:22]} Qf5 {[%clk 1:02:36]} 21. Nh4
{[%clk 0:20:30]} Qf6 {[%clk 1:01:56]} 22. Ng6+ {[%clk 0:20:12]} Kg8
{[%clk 1:02:03]} 23. Bxe6+ {[%clk 0:20:14]} Qxe6 {[%clk 1:02:00]} 24. Nxf8
{[%clk 0:20:28]} Rxf8 {[%clk 1:02:11]} 25. Kg2 {[%clk 0:18:00]} Kh8
{[%clk 1:01:06]} 26. Rg1 {[%clk 0:15:44]} Ne7 {[%clk 1:00:42]} 27. Kf1
{[%clk 0:14:03]} Nf5 {[%clk 1:00:53]} 28. Rg6 {[%clk 0:13:50]} Qe7
{[%clk 0:59:59]} 29. Qe2 {[%clk 0:12:31]} Rf6 {[%clk 0:59:29]} 30. Rxf6
{[%clk 0:10:28]} Qxf6 {[%clk 0:59:47]} 31. Qh5 {[%clk 0:10:00]} Kh7
{[%clk 0:58:32]} 32. Qf3 {[%clk 0:09:10]} b6 {[%clk 0:58:06]} 33. b4
{[%clk 0:04:34]} Nh4 {[%clk 0:49:16]} 34. Qe4+ {[%clk 0:04:25]} g6
{[%clk 0:43:26]} 35. Qc6 {[%clk 0:03:12]} Qd8 {[%clk 0:42:43]} 36. bxa5 bxa5
{[%clk 0:42:22]} 37. Qd5 {[%clk 0:02:49]} Qd7 {[%clk 0:42:08]} 38. Rh1
{[%clk 0:02:30]} c6 {[%clk 0:39:00]} 39. Qxa5 {[%clk 0:02:19]} Qg4
{[%clk 0:39:03]} 40. Qc7+ {[%clk 0:02:35]} Kg8 {[%clk 0:38:14]} 41. Qd8+
{[%clk 0:02:59]} Kf7 {[%clk 0:38:23]} 42. Qxh4 {[%clk 0:01:15]} Qd1+
{[%clk 0:38:45]} 43. Kg2 {[%clk 0:01:39]} Qxd3 {[%clk 0:38:49]} 44. Rh3
{[%clk 0:01:15]} Qd5+ {[%clk 0:39:13]} 45. Rf3+ {[%clk 0:01:37]} 1-0

[Event "msr2018"]
[Site "?"]
[Date "2018.04.27"]
[Round "9.24"]
[White "Lovcican, Tomas"]
[Black "Zumrik, Lukas"]
[Result "1/2-1/2"]
[BlackElo "1468"]
[WhiteElo "1660"]
[LiveChessVersion "1.4.8"]

1. d4 {[%clk 1:30:58]} d5 {[%clk 1:30:51]} 2. c4 {[%clk 1:31:25]} c6
{[%clk 1:31:17]} 3. Nc3 {[%clk 1:31:49]} Nf6 {[%clk 1:31:38]} 4. Nf3
{[%clk 1:32:05]} e6 {[%clk 1:31:58]} 5. Bg5 {[%clk 1:32:10]} Nbd7
{[%clk 1:32:00]} 6. e3 {[%clk 1:32:16]} Qa5 {[%clk 1:32:06]} 7. Bxf6
{[%clk 1:31:18]} Nxf6 {[%clk 1:32:24]} 8. Qc2 {[%clk 1:31:18]} Bd6
{[%clk 1:30:32]} 9. Bd3 {[%clk 1:30:37]} O-O {[%clk 1:29:50]} 10. O-O
{[%clk 1:31:01]} h6 {[%clk 1:28:31]} 11. e4 {[%clk 1:31:03]} dxe4
{[%clk 1:26:52]} 12. Nxe4 {[%clk 1:31:26]} Nxe4 {[%clk 1:25:47]} 13. Bxe4
{[%clk 1:31:15]} Qc7 {[%clk 1:24:01]} 14. Rfe1 {[%clk 1:31:08]} c5
{[%clk 1:20:40]} 15. Rad1 {[%clk 1:29:51]} cxd4 {[%clk 1:19:49]} 16. Rxd4
{[%clk 1:28:13]} Bc5 {[%clk 1:19:42]} 17. Rdd1 {[%clk 1:28:12]} Bd7
{[%clk 1:16:57]} 18. Ne5 {[%clk 1:28:11]} Rad8 {[%clk 1:13:39]} 19. h3
{[%clk 1:26:12]} Bc6 {[%clk 1:08:36]} 20. Rxd8 {[%clk 1:24:19]} Rxd8
{[%clk 1:08:54]} 21. Bxc6 {[%clk 1:24:19]} 1/2-1/2